| 000 | 00353nam a22001457a 4500 | ||
|---|---|---|---|
| 008 | 230906b ||||| |||| 00| 0 eng d | ||
| 020 | _a0262021161 | ||
| 041 | _aeng | ||
| 080 | _a618 | ||
| 082 | _a618BRO | ||
| 100 | _a15.2 | ||
| 101 | _aGJINEK | ||
| 245 |
_aABORTION AND THE SANCTITY OF HUMAN LIFE A PHILOSOPHICAL VIEW _cBRODY .B |
||
| 942 |
_2udc _cBK |
||
| 999 |
_c60255 _d60255 |
||